| 000 | 00520nam a2200169 4500 | ||
|---|---|---|---|
| 003 | CO-ViMGA | ||
| 040 |
_aCO-ViMGA _bspa _cCO-ViMGA |
||
| 082 | 0 | 4 |
_a9788468303871 _bMOOd |
| 100 | 1 |
_aMoore Mallinos, Jennifer _95613 |
|
| 245 | 1 | 0 |
_aEl dinero no crece en los arboles _cJennifer, Moore Mallinos |
| 260 |
_aBarcelona, España : _bEdebè, _c2013. |
||
| 300 |
_a31 p. : _bIl, ; col, ; 24 cm. |
||
| 490 | _aLecciones de vida | ||
| 500 | _aIncluye guía para los padres. | ||
| 650 | 1 | 4 |
_aCuentos infantiles. _9487 |
| 942 |
_2ddc _cBK |
||
| 999 |
_c36015 _d36015 |
||